000 00434nam a2200169 a 4500
001 0000-9097
003 ELIB.Books
008 110520 1969
035 _a(ELIB.Books)0000-9246
082 _a268.434
_bCol
100 _aColeman, Lucien E.
245 _aUnderstanding Adults
260 _bNashville: Convention Press
_c1969
650 _aChristian Education
942 _2ddc
_cBK
998 _cbat
_e2011-05-20
999 _c9097
_d9097